Best Current Player on Every NBA Team - Statistics

General Stats
  • This quiz has been taken 38 times
  • The average score is 25 of 30
Answer Stats
Team Answer % Correct
Detroit Pistons Cade Cunningham
100%
Boston Celtics Jayson Tatum
100%
Charlotte Hornets LaMelo Ball
100%
Denver Nuggets Nikola Jokic
100%
Golden State Warriors Steph Curry
100%
Atlanta Hawks Trae Young
100%
Dallas Mavericks Anthony Davis
97%
Cleveland Cavaliers Donovan Mitchell
97%
Minnesota Timberwolves Anthony Edwards
91%
Milwaukee Bucks Giannis Antetokounmpo
91%
New York Knicks Jalen Brunson
91%
Los Angeles Lakers Luka Doncic
91%
Oklahoma City Thunder Shai Gilgeous-Alexander
91%
San Antonio Spurs Victor Wembanyama
91%
New Orleans Pelicans Zion Williamson
91%
Phoenix Suns Devin Booker
88%
Philadelphia 76ers Tyrese Maxey
88%
Los Angeles Clippers James Harden
84%
Indiana Pacers Pascal Siakam
84%
Memphis Grizzlies Jaren Jackson Jr.
81%
Chicago Bulls Josh Giddey
81%
Houston Rockets Alperen Sengun
78%
Utah Jazz Lauri Markkanen
78%
Toronto Raptors Scottie Barnes
69%
Sacramento Kings Zach Lavine
66%
Orlando Magic Franz Wagner
63%
Brooklyn Nets Michael Porter Jr.
63%
Washington Wizards Alex Sarr
53%
Portland Trail Blazers Deni Avdija
50%
Miami Heat Norman Powell
44%
No matching quizzes found
Score Distribution
Percent of People with Each Score
Percentile by Number Answered
Your Score History
You have not taken this quiz